[Event "Championnat de France des Jeunes - Cade"]
[Site "MONTLUCON"]
[Date "2011.04.18"]
[Round "3.5"]
[White "Saucey, Capucine"]
[Black "Le Bail, Arielle"]
[Result "0-1"]
[WhiteElo "1799"]
[BlackElo "1859"]
[PlyCount "36"]
[EventDate "2011.??.??"]

1. e4 e6 2. d4 d5 3. Nd2 c5 4. exd5 exd5 5. Ngf3 Nf6 6. Bb5+ Bd7 7. Bxd7+ Nbxd7
8. O-O Be7 9. Re1 O-O 10. Nf1 Re8 11. Ng3 Qc7 12. c3 Bf8 13. Rxe8 Rxe8 14. h3
g6 15. Be3 Rxe3 16. fxe3 Qxg3 17. Qe2 a6 18. Rf1 Bh6 0-1

[Event "Championnat de France des Jeunes - Cade"]
[Site "MONTLUCON"]
[Date "2011.04.18"]
[Round "3.6"]
[White "Thuret, Marine"]
[Black "Daadaa, Soha"]
[Result "1-0"]
[WhiteElo "1909"]
[BlackElo "1657"]
[PlyCount "56"]
[EventDate "2011.??.??"]

1. d4 e6 2. Nc3 d5 3. e4 dxe4 4. Nxe4 Bd7 5. Nf3 Bc6 6. Bd3 Nd7 7. O-O Ngf6 8.
Ng3 Be7 9. c4 Bxf3 10. Qxf3 c6 11. Be3 O-O 12. Ne2 Re8 13. g4 Nf8 14. h4 h6 15.
Qh3 N6d7 16. h5 Nb6 17. f4 Rc8 18. Rad1 Qc7 19. g5 hxg5 20. fxg5 e5 21. g6 f6
22. h6 Bd8 23. hxg7 Qxg7 24. Qh6 Qd7 25. Bf5 Ne6 26. dxe5 Qe7 27. exf6 Qxf6 28.
Bxe6+ Qxe6 1-0

[Event "Championnat de France des Jeunes - Cade"]
[Site "MONTLUCON"]
[Date "2011.04.18"]
[Round "3.7"]
[White "Colin, Phanie"]
[Black "Lenoel, Marine"]
[Result "0-1"]
[WhiteElo "1647"]
[BlackElo "1793"]
[PlyCount "118"]
[EventDate "2011.??.??"]

1. e4 e5 2. Nf3 Nc6 3. Bc4 Bc5 4. O-O d6 5. Nc3 Nf6 6. d3 Bg4 7. h3 Bh5 8. Bb5
h6 9. Nd5 Nd7 10. c3 g5 11. b4 Bb6 12. Be3 O-O 13. a4 a6 14. Bc4 Bxe3 15. Nxe3
Nf6 16. Nf5 Kh7 17. Ng3 Bg6 18. Qb3 Qd7 19. Qb2 Rg8 20. Qd2 Nh5 21. Nh2 Nf6 22.
Nf3 g4 23. hxg4 Nxg4 24. Nh4 Raf8 25. f3 Nf6 26. Nhf5 Bxf5 27. Nxf5 Rg6 28. Kf2
d5 29. Rh1 Ng8 30. Bxd5 b6 31. Rh2 Nce7 32. Nxe7 Qxe7 33. Rah1 Qf6 34. Rh5 c6
35. Bb3 Ne7 36. Kf1 Kg7 37. Qe3 Rd8 38. Bc2 b5 39. axb5 cxb5 40. Qc5 Rc8 41.
Qxe5 Qxe5 42. Rxe5 Rxc3 43. Rc5 Rc6 44. Rxc6 Nxc6 45. Bd1 Rxd3 46. Be2 Rb3 47.
Kf2 Rxb4 48. Ra1 a5 49. Kg3 Nd4 50. Bf1 a4 51. Kf4 Kf6 52. Ra2 Ne6+ 53. Kg4 Rb3
54. Bxb5 Rxb5 55. Rxa4 Rg5+ 56. Kh3 Nf4+ 57. Kh2 Rxg2+ 58. Kh1 Rf2 59. Ra3 Kg5
0-1

[Event "Championnat de France des Jeunes - Cade"]
[Site "MONTLUCON"]
[Date "2011.04.18"]
[Round "3.8"]
[White "Sadoune, Emilie"]
[Black "Finkel, Julie"]
[Result "0-1"]
[WhiteElo "1539"]
[BlackElo "1697"]
[PlyCount "44"]
[EventDate "2011.??.??"]

1. e4 g6 2. d4 Bg7 3. Nf3 d6 4. h3 a6 5. Nc3 b5 6. a3 Nd7 7. Be2 Bb7 8. Bd2 c5
9. d5 Ngf6 10. Bg5 b4 11. axb4 cxb4 12. Na4 Nxe4 13. Qd3 Nxg5 14. Nxg5 Qa5 15.
O-O Qxd5 16. Qg3 Qe5 17. Bc4 d5 18. Bb3 Qxg3 19. fxg3 O-O 20. Rad1 h6 21. Bxd5
Bxd5 22. Rxd5 Nf6 0-1

[Event "Championnat de France des Jeunes - Cade"]
[Site "MONTLUCON"]
[Date "2011.04.18"]
[Round "3.9"]
[White "Abidi, Ines"]
[Black "Sellier, Charlotte"]
[Result "1-0"]
[WhiteElo "1677"]
[BlackElo "1250"]
[PlyCount "57"]
[EventDate "2011.??.??"]

1. d4 d5 2. Nf3 Nc6 3. e3 Nf6 4. c4 e6 5. Nc3 Be7 6. Bd3 O-O 7. O-O b6 8. a3
Ba6 9. cxd5 Bxd3 10. Qxd3 exd5 11. b4 Bd6 12. Bb2 Re8 13. Rac1 Qd7 14. Nb5 a6
15. Nxd6 cxd6 16. Rc2 b5 17. Rfc1 Rac8 18. Qb3 Ne4 19. Qxd5 Na7 20. Rxc8 Nxc8
21. Qc6 Qxc6 22. Rxc6 d5 23. Ne5 f6 24. Nd7 Ne7 25. Rxa6 Rc8 26. Nc5 Nxc5 27.
dxc5 Nc6 28. Rb6 Na7 29. Rd6 1-0

[Event "Championnat de France des Jeunes - Cade"]
[Site "MONTLUCON"]
[Date "2011.04.18"]
[Round "3.10"]
[White "Lebret, Loriane"]
[Black "Briatte, Coline"]
[Result "1-0"]
[WhiteElo "1625"]
[BlackElo "1570"]
[PlyCount "73"]
[EventDate "2011.??.??"]

1. e4 d5 2. exd5 Qxd5 3. Nc3 Qa5 4. d4 Nf6 5. Nf3 Bg4 6. Be2 Nc6 7. O-O O-O-O
8. Be3 e5 9. Ng5 Bxe2 10. Nxe2 exd4 11. Nxd4 Nxd4 12. Nxf7 Nc6 13. Nxd8 Nxd8
14. Qf3 Bd6 15. Rfe1 Qe5 16. Qh3+ Qe6 17. Qxe6+ Nxe6 18. Bxa7 Nf4 19. Bd4 N4d5
20. c3 Rf8 21. h3 Kd7 22. a4 c6 23. b4 Nc7 24. Be5 Bxe5 25. Rxe5 Re8 26. Rxe8
Nfxe8 27. c4 Nd6 28. Rd1 Ke7 29. Rc1 Kd7 30. f4 g6 31. g4 Ne6 32. c5 Nf7 33. f5
gxf5 34. gxf5 Nf4 35. Kh2 Nd5 36. b5 Ne7 37. Rf1 1-0

[Event "Championnat de France des Jeunes - Cade"]
[Site "MONTLUCON"]
[Date "2011.04.18"]
[Round "3.11"]
[White "Airoldi, Lea"]
[Black "Harwood, Elisabeth"]
[Result "0-1"]
[WhiteElo "1490"]
[BlackElo "1557"]
[PlyCount "56"]
[EventDate "2011.??.??"]

1. d4 d5 2. c4 c6 3. Nc3 Nf6 4. Bf4 e6 5. Nf3 Nbd7 6. e3 Be7 7. Bd3 dxc4 8.
Bxc4 b5 9. Bd3 a6 10. Rc1 O-O 11. e4 Bb4 12. O-O Bxc3 13. bxc3 c5 14. e5 Nd5
15. Be4 c4 16. Ng5 Nxf4 17. Bxa8 Qxg5 18. Qc2 Nd5 19. Bxd5 exd5 20. f4 Qh5 21.
f5 Re8 22. f6 gxf6 23. exf6 Re6 24. Rce1 Rxe1 25. Rxe1 Nxf6 26. Qf2 Qg6 27. Qh4
Be6 28. a3 h6 0-1

[Event "Championnat de France des Jeunes - Cade"]
[Site "MONTLUCON"]
[Date "2011.04.18"]
[Round "3.12"]
[White "Haller, Noemie"]
[Black "Ranc, Candice"]
[Result "1-0"]
[WhiteElo "1654"]
[BlackElo "1570"]
[PlyCount "71"]
[EventDate "2011.??.??"]

1. Nf3 d5 2. g3 Nc6 3. Bg2 e5 4. d3 Nf6 5. Nc3 Bb4 6. a3 Ba5 7. b4 Bb6 8. Na4
Qd6 9. Nxb6 axb6 10. Bb2 O-O 11. b5 Ne7 12. Nxe5 Bd7 13. c4 Ng4 14. Nxd7 Qxd7
15. O-O Qe6 16. Qb3 Rad8 17. cxd5 Nxd5 18. e4 Ne7 19. Qxe6 fxe6 20. Bh3 Nf6 21.
Bxe6+ Kh8 22. Bc4 c5 23. Rad1 Ng6 24. Rfe1 Rfe8 25. f4 Re7 26. e5 Nd5 27. f5
Nf8 28. Bxd5 Rxd5 29. f6 Re6 30. d4 Kg8 31. dxc5 Rxd1 32. Rxd1 bxc5 33. Rd8 Kf7
34. Rc8 gxf6 35. exf6 Kg6 36. Rxf8 1-0

[Event "Championnat de France des Jeunes - Cade"]
[Site "MONTLUCON"]
[Date "2011.04.19"]
[Round "4.1"]
[White "Alonso, Audrey"]
[Black "Neuhauser, Salome"]
[Result "0-1"]
[WhiteElo "1842"]
[BlackElo "2075"]
[PlyCount "60"]
[EventDate "2011.??.??"]

1. e4 c5 2. c4 Nc6 3. g3 g6 4. Bg2 Bg7 5. Nc3 b6 6. Nge2 Bb7 7. d3 d6 8. O-O
Qd7 9. Be3 Nd4 10. Qd2 e6 11. f4 Ne7 12. Bf2 f5 13. Nxd4 cxd4 14. Nb5 Nc6 15.
exf5 gxf5 16. Rfe1 O-O-O 17. b4 a6 18. Rac1 h5 19. Na3 h4 20. c5 hxg3 21. Bxg3
dxc5 22. Nc4 Kb8 23. Nxb6 Qf7 24. bxc5 Rdg8 25. Qb2 Bf6 26. Bxc6 Bxc6 27. Nd7+
Kc7 28. Nxf6 Rxg3+ 29. Kf1 Rf3+ 30. Kg1 Qg6+ 0-1

[Event "Championnat de France des Jeunes - Cade"]
[Site "MONTLUCON"]
[Date "2011.04.19"]
[Round "4.2"]
[White "Soubirou, Oriane"]
[Black "Turquetille, Annabelle"]
[Result "1-0"]
[WhiteElo "1996"]
[BlackElo "1773"]
[PlyCount "105"]
[EventDate "2011.??.??"]

1. d4 d5 2. c4 c6 3. Nc3 Nf6 4. e3 Bf5 5. cxd5 cxd5 6. Qb3 Qd7 7. Nf3 e6 8. Ne5
Qc7 9. Bd2 a6 10. Rc1 Nc6 11. f3 Bd6 12. Na4 Bxe5 13. dxe5 Nd7 14. Be2 Ndxe5
15. Nb6 Rb8 16. O-O O-O 17. Rfd1 Nd7 18. Nxd7 Qxd7 19. Be1 Qe7 20. Bg3 Rbc8 21.
Be1 Rfd8 22. Bc3 d4 23. exd4 Nxd4 24. Bxd4 Rxc1 25. Rxc1 Rxd4 26. Rc8+ Rd8 27.
Qxb7 Qd6 28. Qxa6 Qd7 29. Rxd8+ Qxd8 30. Qc4 Qb6+ 31. Kf1 e5 32. Qb5 Qxb5 33.
Bxb5 Be6 34. a4 Kf8 35. Ke2 Ke7 36. b4 Kd6 37. Kd3 f5 38. Bc4 Bd7 39. a5 Bc6
40. Ke3 Kc7 41. f4 Bxg2 42. fxe5 g5 43. e6 f4+ 44. Kd4 Kd6 45. b5 f3 46. Bd5
Bf1 47. b6 f2 48. b7 Kc7 49. Ke3 Bh3 50. Kxf2 Bxe6 51. Bxe6 Kxb7 52. Bc4 h5 53.
Ke3 1-0

[Event "Championnat de France des Jeunes - Cade"]
[Site "MONTLUCON"]
[Date "2011.04.19"]
[Round "4.3"]
[White "Le Bail, Arielle"]
[Black "Kohi, Camilla"]
[Result "1-0"]
[WhiteElo "1859"]
[BlackElo "1797"]
[PlyCount "49"]
[EventDate "2011.??.??"]

1. d4 Nf6 2. c4 g6 3. Nc3 Bg7 4. e4 d6 5. f3 O-O 6. Nge2 Nc6 7. Bg5 a6 8. Qd2
Rb8 9. d5 Ne5 10. Nd4 c5 11. Nc2 Qb6 12. Be2 e6 13. O-O exd5 14. cxd5 Re8 15.
Kh1 Qc7 16. f4 Ned7 17. e5 dxe5 18. fxe5 Nh5 19. d6 Qa5 20. Bxh5 gxh5 21. Qf4
Nxe5 22. Nd5 Be6 23. Nf6+ Kh8 24. Qxe5 Bf5 25. Qxf5 1-0

[Event "Championnat de France des Jeunes - Cade"]
[Site "MONTLUCON"]
[Date "2011.04.19"]
[Round "4.4"]
[White "Lenoel, Marine"]
[Black "Thuret, Marine"]
[Result "0-1"]
[WhiteElo "1793"]
[BlackElo "1909"]
[PlyCount "80"]
[EventDate "2011.??.??"]

1. e4 c5 2. Nc3 Nc6 3. g3 g6 4. Bg2 Bg7 5. d3 Rb8 6. f4 b5 7. Nf3 e6 8. O-O b4
9. Ne2 Nge7 10. g4 f5 11. gxf5 exf5 12. Ng3 O-O 13. Kh1 a5 14. Rb1 Ba6 15. Rg1
Nd4 16. Be3 Qc7 17. Bh3 Bb7 18. Bg2 Rbe8 19. c3 Nxf3 20. Bxf3 Kh8 21. Qc2 Nd5
22. Bd2 Nxf4 23. Bxf4 Qxf4 24. Bg2 fxe4 25. Nxe4 Be5 26. Ng3 Bxg2+ 27. Rxg2 Qh4
28. Kg1 d5 29. Rf1 Bf4 30. Kh1 Qh3 31. Rf3 Bxg3 32. Rxf8+ Rxf8 33. Rxg3 Qf1+
34. Rg1 Qf3+ 35. Qg2 Qxd3 36. cxb4 axb4 37. Re1 c4 38. h3 c3 39. Kh2 Qf5 40.
Rd1 d4 0-1

[Event "Championnat de France des Jeunes - Cade"]
[Site "MONTLUCON"]
[Date "2011.04.19"]
[Round "4.5"]
[White "Josse, Mathilde"]
[Black "Abidi, Ines"]
[Result "1-0"]
[WhiteElo "1721"]
[BlackElo "1677"]
[PlyCount "123"]
[EventDate "2011.??.??"]

1. e4 e6 2. d4 d5 3. Nd2 dxe4 4. Nxe4 Bd7 5. Nf3 Bc6 6. Bd3 Nd7 7. O-O Ngf6 8.
Re1 Be7 9. Bg5 O-O 10. c3 Nxe4 11. Bxe7 Nxc3 12. bxc3 Qxe7 13. Re3 Nf6 14. Ne5
Qd6 15. Qc2 h6 16. Rb1 Qd5 17. Rg3 Nh5 18. Nxc6 Qxc6 19. Be4 Qd6 20. Bxb7 Nxg3
21. Bxa8 Rxa8 22. hxg3 Rd8 23. Rb7 Qc6 24. Rxa7 Rxd4 25. Ra8+ Qxa8 26. cxd4 Qa7
27. Qb2 Qb7 28. Qd2 c6 29. a4 Kf8 30. a5 Qa6 31. Qb4+ Ke8 32. Qc5 Kd7 33. Kh2
Qb5 34. Qa7+ Kd6 35. Qxf7 Qxa5 36. Qf8+ Kd5 37. Qxg7 Qb4 38. Qe5+ Kc4 39. Qxe6+
Kxd4 40. Qxc6 Qf8 41. f4 h5 42. Qd7+ Ke4 43. Qh7+ Ke3 44. Qxh5 Kf2 45. f5 Qg8
46. Qf3+ Ke1 47. g4 Kd2 48. f6 Qb8+ 49. g3 Ke1 50. g5 Qc8 51. f7 Qc2+ 52. Kh3
Qc8+ 53. Kh4 Qh8+ 54. Kg4 Qc8+ 55. Kh5 Qh3+ 56. Kg6 Qe6+ 57. Kg7 Qe5+ 58. Qf6
Qc7 59. Kh8 Qxg3 60. f8=Q Qh3+ 61. Kg7 Qd7+ 62. Q8f7 1-0

[Event "Championnat de France des Jeunes - Cade"]
[Site "MONTLUCON"]
[Date "2011.04.19"]
[Round "4.6"]
[White "Finkel, Julie"]
[Black "Copin, Oceane"]
[Result "1-0"]
[WhiteElo "1697"]
[BlackElo "1914"]
[PlyCount "51"]
[EventDate "2011.??.??"]

1. e4 d5 2. exd5 Qxd5 3. Nc3 Qd6 4. d4 Nf6 5. Nge2 h6 6. Bf4 Qd8 7. Qd2 Nc6 8.
O-O-O Bf5 9. d5 Nb8 10. Nd4 Bg6 11. Bc4 Nbd7 12. Rhe1 Nb6 13. Bb3 Qd7 14. Nf3
O-O-O 15. Ne5 Qe8 16. Qe3 Bh5 17. Qh3+ Kb8 18. g4 Bg6 19. Nxg6 fxg6 20. d6 cxd6
21. Bxd6+ Ka8 22. Bc7 Rxd1+ 23. Rxd1 Nfd7 24. Be6 h5 25. g5 h4 26. Bxd7 1-0

[Event "Championnat de France des Jeunes - Cade"]
[Site "MONTLUCON"]
[Date "2011.04.19"]
[Round "4.7"]
[White "Auvray, Juliette"]
[Black "Lebret, Loriane"]
[Result "1/2-1/2"]
[WhiteElo "2001"]
[BlackElo "1625"]
[PlyCount "82"]
[EventDate "2011.??.??"]

1. e4 e5 2. Nf3 Nf6 3. Nxe5 d6 4. Nf3 Nxe4 5. Nc3 Nxc3 6. dxc3 Be7 7. Be3 Bg4
8. Qd2 Qd7 9. O-O-O a6 10. Bd4 f6 11. h3 Be6 12. Kb1 Nc6 13. Be3 O-O-O 14. Bd3
Ne5 15. Nd4 Nxd3 16. Qxd3 Bf7 17. Rhe1 d5 18. f4 Bc5 19. f5 Bxd4 20. Bxd4 Rhe8
21. Be3 Re5 22. g4 Rde8 23. Bf2 h5 24. Qd4 Qe7 25. Rxe5 Qxe5 26. Qxe5 Rxe5 27.
Bd4 Re4 28. Rg1 Kd7 29. gxh5 Kd6 30. b4 Bxh5 31. Rxg7 Rf4 32. Bxf6 Rxf5 33. Bd4
Rf3 34. Bc5+ Kc6 35. Rh7 Rxh3 36. Rh6+ Kb5 37. Kb2 Bg4 38. Rf6 Rf3 39. Rg6 Bf5
40. Rf6 Be4 41. Rxf3 Bxf3 1/2-1/2

[Event "Championnat de France des Jeunes - Cade"]
[Site "MONTLUCON"]
[Date "2011.04.19"]
[Round "4.8"]
[White "Harwood, Elisabeth"]
[Black "Colin, Phanie"]
[Result "0-1"]
[WhiteElo "1557"]
[BlackElo "1647"]
[PlyCount "94"]
[EventDate "2011.??.??"]

1. c4 e5 2. g3 Nc6 3. Bg2 g6 4. Nc3 Bg7 5. d3 Nge7 6. Nf3 d6 7. O-O O-O 8. Bd2
h6 9. Rb1 a5 10. a3 Be6 11. e4 Qd7 12. Re1 Bh3 13. Bh1 f5 14. Qc1 Kh7 15. Bg2
f4 16. Qd1 fxg3 17. fxg3 Bg4 18. Rf1 Nd4 19. Be3 Nec6 20. b3 Rf7 21. Rb2 Raf8
22. Rbf2 Kg8 23. a4 g5 24. Nb5 Nxb5 25. cxb5 Nb4 26. Qd2 Qe6 27. Qc3 d5 28. Bc5
Rd8 29. Bxb4 axb4 30. Qxb4 dxe4 31. dxe4 Rd3 32. Nd2 Rxf2 33. Rxf2 Qd7 34. Qc4+
Be6 35. Qb4 Qd8 36. Bf1 Rd4 37. Qc3 Bf8 38. Bc4 Bxc4 39. bxc4 Bc5 40. Kg2 Rd3
41. Qxe5 Bxf2 42. Qe6+ Kg7 43. Qe5+ Qf6 44. Qxc7+ Kg6 45. Qc8 Rxd2 46. Qe8+ Qf7
47. Qxf7+ Kxf7 0-1

[Event "Championnat de France des Jeunes - Cade"]
[Site "MONTLUCON"]
[Date "2011.04.19"]
[Round "4.9"]
[White "Soriano, Manon"]
[Black "Saucey, Capucine"]
[Result "0-1"]
[WhiteElo "1551"]
[BlackElo "1799"]
[PlyCount "102"]
[EventDate "2011.??.??"]

1. e4 e5 2. Nf3 Nc6 3. d4 exd4 4. Bc4 Nf6 5. O-O Nxe4 6. Re1 d5 7. Bxd5 Qxd5 8.
Nc3 Qd8 9. Nxe4 Be7 10. Bg5 Be6 11. Bxe7 Qxe7 12. Nxd4 Nxd4 13. Qxd4 O-O 14.
Qe5 Qb4 15. b3 Qb6 16. Rad1 Bg4 17. Rd3 Rae8 18. Qc3 Bf5 19. Rg3 Bg6 20. h4 f5
21. Ng5 Rxe1+ 22. Qxe1 f4 23. Rc3 Re8 24. Qd2 Qa5 25. Qd4 h6 26. Nh3 Kh7 27.
Rc5 Qe1+ 28. Kh2 Qe7 29. h5 Be4 30. f3 Bc6 31. Qd3+ Kh8 32. Rf5 Bd7 33. Rxf4
Bxh3 34. Kxh3 Qc5 35. Qg6 Re5 36. Rh4 Qg1 37. Qg3 Rg5 38. Qh2 Qf2 39. f4 Rc5
40. c4 Qxa2 41. Qg3 Qc2 42. Qe3 Qf5+ 43. Kg3 Qf8 44. Rg4 b6 45. Rh4 a5 46. Qe6
Qd8 47. Qg6 a4 48. Rg4 Qe7 49. bxa4 Rxc4 50. f5 Qe5+ 51. Kh4 Qh2# 0-1

[Event "Championnat de France des Jeunes - Cade"]
[Site "MONTLUCON"]
[Date "2011.04.19"]
[Round "4.10"]
[White "Daadaa, Soha"]
[Black "Sadoune, Emilie"]
[Result "0-1"]
[WhiteElo "1657"]
[BlackElo "1539"]
[PlyCount "82"]
[EventDate "2011.??.??"]

1. d4 Nf6 2. c4 e6 3. Nf3 b6 4. g3 Bb7 5. Bg2 d6 6. O-O Be7 7. Nc3 O-O 8. Qc2
c5 9. d5 exd5 10. cxd5 Na6 11. e4 Nb4 12. Qd2 Ba6 13. Rd1 Nd3 14. Bf1 c4 15.
Bxd3 cxd3 16. Ne1 Ng4 17. Nxd3 Bxd3 18. Qxd3 Ne5 19. Qe2 Qd7 20. b3 Rac8 21.
Bb2 Qh3 22. Rac1 Ng4 23. f3 Bg5 24. fxg4 Bxc1 25. Rxc1 Qh6 26. Qf2 b5 27. Qf4
Qxf4 28. gxf4 a6 29. Ba3 Rfd8 30. Bb4 f6 31. Kf2 Ra8 32. Ne2 a5 33. Ba3 a4 34.
b4 Re8 35. Kf3 Rac8 36. Rxc8 Rxc8 37. Nd4 Rc3+ 38. Ke2 Rxa3 39. Nxb5 Rxa2+ 40.
Kd1 a3 41. Nc3 Rxh2 0-1

[Event "Championnat de France des Jeunes - Cade"]
[Site "MONTLUCON"]
[Date "2011.04.19"]
[Round "4.11"]
[White "Sellier, Charlotte"]
[Black "Haller, Noemie"]
[Result "0-1"]
[WhiteElo "1250"]
[BlackElo "1654"]
[PlyCount "56"]
[EventDate "2011.??.??"]

1. e4 c5 2. Nf3 d6 3. d4 cxd4 4. Nxd4 Nf6 5. Nc3 e6 6. Be2 Nc6 7. Be3 a6 8. Qd2
Bd7 9. O-O-O Nxd4 10. Bxd4 Be7 11. f4 Bc6 12. Bf3 O-O 13. g4 Rc8 14. Qf2 Nd7
15. h4 b5 16. g5 b4 17. Ne2 a5 18. Rdg1 a4 19. Qe3 b3 20. axb3 axb3 21. Qxb3
Qa5 22. c3 Nc5 23. Bxc5 Qxc5 24. Nd4 Bxe4 25. Bxe4 Qxd4 26. Qc2 Qe3+ 27. Kb1 g6
28. Rf1 Rc4 0-1

[Event "Championnat de France des Jeunes - Cade"]
[Site "MONTLUCON"]
[Date "2011.04.19"]
[Round "4.12"]
[White "Ranc, Candice"]
[Black "Airoldi, Lea"]
[Result "1-0"]
[WhiteElo "1570"]
[BlackElo "1490"]
[PlyCount "51"]
[EventDate "2011.??.??"]

1. e4 e6 2. d4 d5 3. e5 c5 4. c3 Qb6 5. Nf3 Nc6 6. Be2 Bd7 7. a3 a5 8. O-O Nge7
9. b3 Nf5 10. Bb2 Be7 11. Bd3 cxd4 12. Bxf5 dxc3 13. Nxc3 d4 14. Ne2 exf5 15.
Nexd4 Rd8 16. Qc2 O-O 17. Rfe1 Bc5 18. Rad1 Rfe8 19. Qc3 Bxd4 20. Nxd4 Nxe5 21.
Nf3 Nxf3+ 22. Qxf3 Bc6 23. Qg3 g6 24. Qc3 Qd4 25. Rxe8+ Bxe8 26. Rxd4 1-0

[Event "Championnat de France des Jeunes - Cade"]
[Site "MONTLUCON"]
[Date "2011.04.20"]
[Round "5.1"]
[White "Neuhauser, Salome"]
[Black "Le Bail, Arielle"]
[Result "0-1"]
[WhiteElo "2075"]
[BlackElo "1859"]
[PlyCount "142"]
[EventDate "2011.??.??"]

1. Nf3 c5 2. g3 Nf6 3. Bg2 g6 4. O-O Bg7 5. d3 d5 6. c4 O-O 7. Nbd2 Nc6 8. Rb1
dxc4 9. Nxc4 Nd5 10. Ne3 Nf6 11. b3 h6 12. Bb2 Be6 13. Rc1 Qa5 14. Nc4 Qa6 15.
a3 Rac8 16. Nfd2 b5 17. Ne3 Qb6 18. Nc2 a5 19. Ba1 Rfd8 20. Ne3 Nd4 21. a4 Rb8
22. Rb1 Qa6 23. Re1 Qd6 24. axb5 Rxb5 25. Nec4 Qc7 26. e3 Nc6 27. Ne4 Nxe4 28.
Bxe4 Nb4 29. Bxg7 Kxg7 30. d4 cxd4 31. exd4 Qd7 32. Ra1 Qxd4 33. Qxd4+ Rxd4 34.
Nxa5 Rd2 35. Nc4 Rd4 36. Rac1 Nd3 37. Bxd3 Rxd3 38. Re3 Rdxb3 39. Rxb3 Rxb3 40.
h4 Rb5 41. Ne3 f5 42. Ng2 Bd5 43. Nf4 Be4 44. Re1 e5 45. Ne2 Rb3 46. Rc1 Kf6
47. Nc3 Bf3 48. Nd1 f4 49. gxf4 exf4 50. Nc3 Kf5 51. Nb1 Rd3 52. Kh2 Bg4 53.
Kg2 Rh3 54. Rh1 Rd3 55. Rc1 Bf3+ 56. Kh2 Kg4 57. Rg1+ Kh5 58. Rc1 Kxh4 59. Rc3
Rxc3 60. Nxc3 g5 61. Nb5 g4 62. Nd4 Be4 63. Ne2 Kg5 64. Nd4 Bd5 65. Ne2 h5 66.
Nd4 h4 67. Ne2 Bc4 68. Nd4 g3+ 69. fxg3 hxg3+ 70. Kg1 Kg4 71. Nc6 Be2 0-1

[Event "Championnat de France des Jeunes - Cade"]
[Site "MONTLUCON"]
[Date "2011.04.20"]
[Round "5.2"]
[White "Soubirou, Oriane"]
[Black "Alonso, Audrey"]
[Result "1/2-1/2"]
[WhiteElo "1996"]
[BlackElo "1842"]
[PlyCount "72"]
[EventDate "2011.??.??"]

1. e4 e5 2. Nf3 Nc6 3. Bc4 Be7 4. d4 exd4 5. c3 d6 6. Qb3 Na5 7. Bxf7+ Kf8 8.
Qa4 c6 9. Bxg8 Rxg8 10. cxd4 Be6 11. Nc3 b5 12. Qc2 Qd7 13. O-O Kf7 14. d5 cxd5
15. Nxd5 Rgc8 16. Qd2 Nc4 17. Qf4+ Kg8 18. b3 Bxd5 19. exd5 Bf6 20. Rb1 Nb6 21.
Rd1 Rc5 22. Ba3 Rxd5 23. Rxd5 Nxd5 24. Qe4 Nc7 25. Rc1 d5 26. Rxc7 dxe4 27.
Rxd7 exf3 28. gxf3 a5 29. Be7 Bc3 30. Rb7 b4 31. Bd6 Ra6 32. Bc7 a4 33. bxa4
Rxa4 34. Bd6 Rxa2 35. Bxb4 Bd4 36. Be1 Ra1 1/2-1/2

[Event "Championnat de France des Jeunes - Cade"]
[Site "MONTLUCON"]
[Date "2011.04.20"]
[Round "5.3"]
[White "Thuret, Marine"]
[Black "Finkel, Julie"]
[Result "1-0"]
[WhiteElo "1909"]
[BlackElo "1697"]
[PlyCount "73"]
[EventDate "2011.??.??"]

1. e4 c5 2. Nc3 Nc6 3. g3 g6 4. Bg2 Bg7 5. d3 e6 6. f4 Nge7 7. Be3 d6 8. Nf3
Rb8 9. O-O O-O 10. Qd2 b5 11. Rae1 Bd7 12. e5 Nf5 13. exd6 Nxe3 14. Rxe3 Bd4
15. Ne4 f5 16. Neg5 Qa5 17. c3 Bxe3+ 18. Qxe3 Qxa2 19. Qxc5 Qd5 20. Qxd5 exd5
21. Ne5 Nxe5 22. fxe5 Bc6 23. d4 Rfe8 24. Nh3 b4 25. c4 dxc4 26. Bxc6 Rec8 27.
Bd7 Rd8 28. Be6+ Kf8 29. Bxc4 Rbc8 30. b3 a5 31. Ng5 Rxc4 32. bxc4 Ke8 33. c5
b3 34. c6 Ra8 35. Ne6 Rb8 36. d7+ Ke7 37. c7 1-0

[Event "Championnat de France des Jeunes - Cade"]
[Site "MONTLUCON"]
[Date "2011.04.20"]
[Round "5.4"]
[White "Turquetille, Annabelle"]
[Black "Josse, Mathilde"]
[Result "0-1"]
[WhiteElo "1773"]
[BlackElo "1721"]
[PlyCount "75"]
[EventDate "2011.??.??"]

1. d4 Nf6 2. Nf3 d5 3. c4 e6 4. Nc3 Nbd7 5. cxd5 exd5 6. Bg5 Be7 7. e3 Ne4 8.
Bxe7 Nxc3 9. Bxd8 Nxd1 10. Bxc7 Nxb2 11. Bd6 Nb6 12. Ne5 f6 13. Bb5+ Nd7 14.
Nxd7 Bxd7 15. Bxd7+ Kxd7 16. Bg3 Rac8 17. Rb1 Rc2 18. O-O Rhc8 19. f3 b5 20. e4
R8c4 21. Bf2 dxe4 22. fxe4 Ra4 23. Rbc1 Rxf2 24. Rxf2 Nd3 25. Rcc2 Nxf2 26.
Kxf2 Rxd4 27. Ke3 Rb4 28. Kf4 g6 29. g4 a5 30. h4 a4 31. h5 gxh5 32. gxh5 Rc4
33. Rb2 b4 34. Kf5 Ke7 35. Rg2 Rc5+ 36. Kg4 Rg5+ 37. Kf3 Rxg2 38. Kxg2 0-1

[Event "Championnat de France des Jeunes - Cade"]
[Site "MONTLUCON"]
[Date "2011.04.20"]
[Round "5.5"]
[White "Colin, Phanie"]
[Black "Auvray, Juliette"]
[Result "0-1"]
[WhiteElo "1647"]
[BlackElo "2001"]
[PlyCount "152"]
[EventDate "2011.??.??"]

1. e4 c5 2. Nc3 e6 3. g3 Nc6 4. Bg2 g6 5. d3 Bg7 6. Be3 d6 7. Qd2 Rb8 8. Nge2
Nd4 9. O-O b5 10. Nc1 Ne7 11. Nd1 Ndc6 12. c3 O-O 13. Bh6 Qb6 14. Bxg7 Kxg7 15.
Ne3 Ba6 16. f4 f5 17. Rf2 b4 18. h3 bxc3 19. bxc3 Bc8 20. Nb3 a5 21. Raf1 a4
22. Nc1 Bd7 23. Nc4 Qc7 24. Qe3 Na7 25. g4 Nec6 26. Ne2 Rbe8 27. Ng3 d5 28. Nd2
d4 29. cxd4 Nxd4 30. Ne2 Nab5 31. Nc4 Nxe2+ 32. Qxe2 Nd4 33. Qd1 Bb5 34. Ne5
Qd6 35. Kh1 Rd8 36. Rd2 Nc6 37. Nxc6 Bxc6 38. exf5 exf5 39. Qa1+ Kg8 40. Bxc6
Qxc6+ 41. Kg1 Rd4 42. Qe1 Qd6 43. Qe5 Qxe5 44. fxe5 fxg4 45. Rxf8+ Kxf8 46.
hxg4 Rxg4+ 47. Kf2 Rg5 48. d4 cxd4 49. Rxd4 Rxe5 50. Rxa4 Kf7 51. Ra7+ Re7 52.
Ra8 h5 53. a4 Kf6 54. a5 Kg5 55. Rb8 Re5 56. Ra8 h4 57. a6 Ra5 58. Kg2 Kg4 59.
a7 Ra2+ 60. Kf1 g5 61. Rc8 Rxa7 62. Rc4+ Kh5 63. Kg2 Ra3 64. Rd4 h3+ 65. Kh2 g4
66. Rd2 Kh4 67. Rd4 Ra2+ 68. Kh1 Re2 69. Ra4 Kg3 70. Ra3+ Kf4 71. Rb3 g3 72.
Rb4+ Kf3 73. Rb3+ Kf2 74. Rb1 Re1+ 75. Rxe1 Kxe1 76. Kg1 Ke2 0-1

[Event "Championnat de France des Jeunes - Cade"]
[Site "MONTLUCON"]
[Date "2011.04.20"]
[Round "5.6"]
[White "Abidi, Ines"]
[Black "Saucey, Capucine"]
[Result "0-1"]
[WhiteElo "1677"]
[BlackElo "1799"]
[PlyCount "64"]
[EventDate "2011.??.??"]

1. d4 d5 2. Nf3 Nf6 3. c4 e6 4. Nc3 Bb4 5. Bd2 Bxc3 6. Bxc3 Ne4 7. e3 Nd7 8.
Bd3 Ndf6 9. O-O O-O 10. Qc2 b6 11. Rac1 Bb7 12. cxd5 Bxd5 13. Bb4 c5 14. dxc5
bxc5 15. Bxc5 Nxc5 16. Qxc5 Bxf3 17. gxf3 Qxd3 18. Rfd1 Qa6 19. Rd6 Qxa2 20. b4
h6 21. Rc2 Qb1+ 22. Rc1 Qf5 23. Qc6 Rad8 24. Rxd8 Rxd8 25. Ra1 Qd5 26. Qc7 Rd7
27. Qb8+ Kh7 28. Rxa7 Qg5+ 29. Kf1 Rd1+ 30. Ke2 Qg1 31. f4 Qe1+ 32. Kf3 Rd2 0-1

[Event "Championnat de France des Jeunes - Cade"]
[Site "MONTLUCON"]
[Date "2011.04.20"]
[Round "5.7"]
[White "Kohi, Camilla"]
[Black "Haller, Noemie"]
[Result "1-0"]
[WhiteElo "1797"]
[BlackElo "1654"]
[PlyCount "33"]
[EventDate "2011.??.??"]

1. d4 Nf6 2. c4 g6 3. Nc3 Bg7 4. e4 d6 5. f3 O-O 6. Nge2 Nc6 7. Bg5 e5 8. d5
Ne7 9. Qd2 Nd7 10. O-O-O a5 11. h4 Nc5 12. Bh6 Qe8 13. h5 f5 14. Bxg7 Kxg7 15.
Nb5 Rf6 16. Nxc7 Qa4 17. Nc3 1-0